<?xml version="1.0" encoding="UTF-8"?>
<collection xmlns:xsi="http://www.w3.org/2001/XMLSchema-instance" xsi:schemaLocation="http://www.loc.gov/MARC21/slim http://www.loc.gov/standards/marcxml/schema/MARC21slim.xsd" xmlns="http://www.loc.gov/MARC21/slim">
 <record>
  <leader>00000cam a22000004i 4500</leader>
  <controlfield tag="001">UP-1685594773861802257</controlfield>
  <controlfield tag="003">Buklod</controlfield>
  <controlfield tag="005">20260407104307.0</controlfield>
  <controlfield tag="006">j|||||||||||||| | </controlfield>
  <controlfield tag="007">ta</controlfield>
  <controlfield tag="008">260407s2004    ph a    rb   |||1 0|eng d</controlfield>
  <datafield tag="020" ind1=" " ind2=" ">
   <subfield code="a">9715424333 (hard bound, v.2)</subfield>
  </datafield>
  <datafield tag="020" ind1=" " ind2=" ">
   <subfield code="a">9715424325 (paper bound., v.2)</subfield>
  </datafield>
  <datafield tag="035" ind1=" " ind2=" ">
   <subfield code="a">(iLib)UPBAG-00008113269</subfield>
  </datafield>
  <datafield tag="037" ind1=" " ind2=" ">
   <subfield code="a">BC-59440</subfield>
   <subfield code="b">Gift-Delia Domingo-Albert</subfield>
  </datafield>
  <datafield tag="037" ind1=" " ind2=" ">
   <subfield code="a">BG-17085</subfield>
   <subfield code="b">Gift-Drs. Athena Lydia Casambre &amp; Steven Rood (September 26, 2019)</subfield>
  </datafield>
  <datafield tag="040" ind1=" " ind2=" ">
   <subfield code="a">BAG</subfield>
   <subfield code="d">BAG</subfield>
   <subfield code="e">rda</subfield>
  </datafield>
  <datafield tag="041" ind1="0" ind2=" ">
   <subfield code="a">eng</subfield>
  </datafield>
  <datafield tag="090" ind1=" " ind2="0">
   <subfield code="a">DS 687.532</subfield>
   <subfield code="b">M33 2004</subfield>
  </datafield>
  <datafield tag="245" ind1="0" ind2="0">
   <subfield code="a">Alternative views and assessments of the Macapagal-Arroyo presidency and administration</subfield>
   <subfield code="b">record and legacy (2001-2004)</subfield>
   <subfield code="c">organized and edited by Jose V. Abueva, Victoria A. Bautista, Proserpina Domingo-Tapales, Ma. Oliva Z. Domingo, Eleonor E. Nicolas.</subfield>
  </datafield>
  <datafield tag="264" ind1=" " ind2="1">
   <subfield code="a">Quezon City</subfield>
   <subfield code="b">University of the Philippines Press</subfield>
   <subfield code="c">2004.</subfield>
  </datafield>
  <datafield tag="300" ind1=" " ind2=" ">
   <subfield code="a">xxii, 636 pages</subfield>
   <subfield code="b">illustrations</subfield>
   <subfield code="c">26 cm</subfield>
  </datafield>
  <datafield tag="336" ind1=" " ind2=" ">
   <subfield code="a">text</subfield>
   <subfield code="2">rdacontent</subfield>
  </datafield>
  <datafield tag="337" ind1=" " ind2=" ">
   <subfield code="a">unmediated</subfield>
   <subfield code="2">rdamedia</subfield>
  </datafield>
  <datafield tag="338" ind1=" " ind2=" ">
   <subfield code="a">volume</subfield>
   <subfield code="2">rdacarrier</subfield>
  </datafield>
  <datafield tag="490" ind1="0" ind2=" ">
   <subfield code="a">U.P. public lectures on the Philippine presidency and administration</subfield>
   <subfield code="v">3rd, v.2</subfield>
  </datafield>
  <datafield tag="500" ind1=" " ind2=" ">
   <subfield code="a">v.1. entitled: The Macapagal-Arroyo presidency and administration : record and legacy (2001-2004) : Gloria Macapagal-Arroyo and her administration.</subfield>
  </datafield>
  <datafield tag="504" ind1=" " ind2=" ">
   <subfield code="a">Includes bibliographical references and index.</subfield>
  </datafield>
  <datafield tag="505" ind1="0" ind2=" ">
   <subfield code="a">Part I. THE PERFORMANCE AND PROMISE OF THE MACAPAGAL-ARROYO ADMINISTRATION&#13;
Chapter 1: A Strong Start and a Choice Between Two Futures -- Highlights of President Gloria Macapagal-Arroyo's Lecture -- Alternative Views and Assessments -- Randolf S. David -- Sheila S. Coronel -- John L. Silva -- Philippine Daily Inquirer (Editorial) -- Kilos Kultura para sa Kinabukasan&#13;
&#13;
Part II. GOVERNANCE AND LOCAL AFFAIRS&#13;
Chapter 2:  Executive Direction and Control -- Highlights of Secretary Alberto G. Romulo's Lecture -- Alternative Views and Assessments -- Jose V. Abueva -- Edna E.A. Co&#13;
-- Jarius Bondoc -- Highlights of the Open Forum&#13;
Chapter 3  Socio-Economic Planning -- Highlights of Secretary Romulo L. Neri's Lecture -- Alternative Views and Assessments -- Ernesto M. Pernia -- Gerardo P. Sicat -- Highlights of the Open Forum&#13;
Chapter 4:  Executive-Legislative Relations -- Highlights of Secretary Gabriel S. Claudio's Lecture -- Alternative Views and Assessments -- J. Prospero E. de Vera -- Wilson Fortaleza -- Bernard Leo M. Karganilla &#13;
Chapter 5:  Finance -- Highlights of Secretary Juanita D. Amatong's Lecture -- Alternative Views and Assessments -- Rosario G. Manasan -- Filomeno S. Sta. Ana III -- Jose M. Galang, Jr. -- Highlights of the Open Forum&#13;
Chapter 6:  Budget and Management -- Highlights of Secretary Emilia T. Boncodin's Lecture -- Alternative Views and Assessments -- Rosario G. Manasan -- Jessica Reyes Cantos -- Marvin Tort -- Highlights of the Open Forum&#13;
Chapter 7:  Local Government and Peace and Order. -- Highlights of Secretary Jose D. Lina, Jr.'s Lecture -- Alternative Views and Assessments -- Jesus Vicente C. Garganera -- Geronimo L. Sy -- Ma. Lourdes Molina-Fernandez -- Highlights of the Open Forum&#13;
Chapter 8  Peace Process&#13;
Highlights of Secretary Teresita Quintos-Deles’ Lecture -- Alternative Views and Assessments -- Zosimo E. Lee -- Tomas Millamena -- Pinky Haji Ali -- Highlights of the Open Forum&#13;
Chapter 9:  Public Information -- Highlights of Secretary Milton A. Alingod's Lecture -- Alternative Views and Assessments -- Luis V. Teodoro -- Sheila S. Coronel -- Luz Rimban -- Highlights of the Open Forum&#13;
&#13;
Part III. NATIONAL SECURITY, DEFENSE AND FOREIGN AFFAIRS&#13;
Chapter 10: National Security -- Highlights of Secretary Norberto B. Gonzales' Lecture -- Alternative Views and Assessments -- Amado M. Mendoza, Jr. -- Maritess Danguilan Vitug -- Earl Parreño -- Highlights of the Open Forum&#13;
&#13;
Chapter II:  National Defense -- Highlights of Secretary Eduardo R. Ermita's Lecture -- Alternative Views and Assessments -- Aileen S.P. Baviera -- Alexander. R. Magno -- Nilda L. Sevilla -- Highlights of the Open Forum&#13;
Chapter 12:  Foreign Affairs -- Highlights of Secretary Delia Domingo-Albert's Lecture -- Alternative Views and Assessments -- Noel M. Morada -- Malou Alcid -- Malou Talosig -- Highlights of the Open Forum&#13;
&#13;
Part IV. HUMAN AND SOCIAL DEVELOPMENT&#13;
Chapter 13:  Justice, Human Rights, and Executive-Judicial Relations -- Highlights of Secretary Ma. Merceditas N. Gutierrez's Lecture -- Alternative Views and Assessments -- Harry L. Roque, Jr. -- Oscar M. Orbos -- Theodore O. Te&#13;
Chapter 14:  Labor and Employment -- Highlights of Secretary Patricia A. Sto. Tomas' Lecture -- Alternative Views and Assessments -- Rene E. Ofreneo -- Rene Y. Soriano -- Benjamin C. Alar -- Antonio Asper -- Honesto General -- Oscar Contreras -- Highlights of the Open Forum&#13;
Chapter 15:  Basic Education -- Highlights of Secretary Edilberto C. de Jesus' Lecture -- Alternative Views and Assessments -- Julian E. Abuso -- Johnny C. Go -- Ambeth Ocampo -- Highlights of the Open Forum&#13;
Chapter 16:  Higher Education -- Highlights of Chairman Rolando R. Dizon's Lecture -- Alternative Views and Assessments -- Josefina R. Cortes -- Loretta Ann Rosales -- Olivia C. Caoili -- Highlights of the Open Forum&#13;
Chapter 17:  Science and Technology -- Highlights of Secretary Estrella F. Alabastro's Lecture -- Alternative Views and Assessments -- Ester A. Garcia -- Benigno D. Peczon -- Ma. Theresa Concepcion -- Highlights of the Open Forum&#13;
Chapter 18:  Health and Population -- Highlights of Secretary Manuel M. Dayrit's Lecture -- Alternative Views and Assessments -- Roland G. Simbulan -- Eleanor A. Jara -- Edgardo A. Clemente -- Highlights of the Open Forum&#13;
Chapter 19: Social Welfare and Development. -- Highlights of Secretary Corazon N. Juliano-Soliman's Lecture -- Alternative Views and Assessments -- Dolores Baja Lasan -- Danilo A. Songco -- Rafael Mariano -- Highlights of the Open Forum&#13;
Chapter 20:  Housing and Urban Development -- Highlights of Secretary Michael T. Defensor's Lecture -- Alternative Views and Assessments -- Ma. Lourdes G. Rebullida -- Jaime A. Cura -- Jason Christopher Rayos Co -- Highlights of the Open Forum&#13;
&#13;
Part V. SOCIO-ECONOMIC DEVELOPMENT&#13;
Chapter 21:  Environmental Protection and Natural Resources Management -- Highlights of Secretary Elisea G. Gozun's Lecture -- Alternative Views and Assessments -- Flerida A. Cariño -- Jose Pepito M. Cunanan -- Jose Roberto A. Alampay -- Highlights of the Open Forum&#13;
Chapter 22: Energy -- Highlights of Secretary Vicente S. Perez, Jr.'s Lecture -- Alternative Views and Assessments -- Rowaldo R. del Mundo -- Peter D. Garrucho, Jr. -- Petronilo L. Ilagan -- Highlights of the Open Forum&#13;
Chapter 23:  Infrastructure Development -- Highlights of Secretary Florante M. Soriquez's Lecture -- Alternative Views and Assessments -- Ricardo G. Sigua -- Guillermo Q. Tabios III -- Highlights of the Open Forum&#13;
Chapter 24:  Transportation and Communication -- Highlights of Secretary Leandro R. Mendoza's Lecture -- Alternative Views and Assessments -- Primitivo C. Cal -- Rene S. Santiago -- Joselito P. Supangco -- Highlights of the Open Forum&#13;
Chapter 25:  Food and Agriculture -- Highlights of Secretary Luis P. Lorenzo, Jr.’s Lecture -- Alternative Views and Assessments -- Oscar B. Zamora -- Arsenio M. Balisacan -- Louie N. Tabing -- Highlights of the Open Forum&#13;
Chapter 26:  Agrarian Reform and Development -- Highlights of Secretary Roberto M. Pagdanganan's Lecture -- Alternative Views and Assessments -- Prudenciano U. Gordoncillo -- Ireneo R. Cerilla -- Fermin D. Adriano -- Highlights of the Open Forum&#13;
Chapter 27:  Trade and Industry -- Highlights of Secretary Cesar A.V. Purisima's Lecture -- Alternative Views and Assessments -- Epictetus E. Patalinghug -- Magdaleno B. Albarracin, Jr. -- Francisco R. Floro&#13;
Chapter 28:  Tourism -- Highlights of Secretary Oscar P. Palabyab's Lecture -- Alternative Views and Assessments -- John Patrick C. Gregorio -- Narzalina Z. Lim -- Agatha M. Gatbonton -- Highlights of the Open Forum&#13;
&#13;
Part VI. CROSS-CUTTING ISSUES&#13;
Chapter 29:  Sustaining the Momentum for Gender Mainstreaming -- Highlights of Secretary Aurora Javate-de Dios' Lecture -- Alternative Views and Assessments -- Sylvia H. Guerrero -- Elizabeth Aguiling-Pangalangan -- Domini M. Torrevillas -- Highlights of the Open Forum&#13;
Chapter 30:  Youth and Development -- Highlights of Chairperson Paolo Benigno A. Aquino IV’s Lecture -- Alternative Views and Assessments -- Josefina N. Natividad -- Hector Villegas, Jr. -- Christopher C. Bernardo -- Lloyd Luna -- Highlights of the Open Forum&#13;
Chapter 31:  Children and Development -- Highlights of Executive Director Lina B. Laigo's Lecture -- Alternative Views and Assessments -- Dina Ocampo -- Ma. Amihan V. Abueva -- Raymund Magno Garlitos -- Highlights of the Open Forum&#13;
Chapter 32:  Dealing with Poverty -- Highlights of Secretary Veronica Fenix-Villavicencio's Lecture -- Alternative Views and Assessments -- Emmanuel F. Esguerra -- Oscar Francisco -- Celia M. Reyes -- Highlights of the Open Forum&#13;
&#13;
</subfield>
  </datafield>
  <datafield tag="600" ind1="1" ind2="0">
   <subfield code="a">Arroyo, Gloria Macapagal</subfield>
   <subfield code="d">1947- .</subfield>
  </datafield>
  <datafield tag="651" ind1=" " ind2="0">
   <subfield code="a">Philippines</subfield>
   <subfield code="x">Politics and government</subfield>
   <subfield code="y">2001-2010.</subfield>
  </datafield>
  <datafield tag="700" ind1="1" ind2=" ">
   <subfield code="a">Abueva, Jose Veloso</subfield>
   <subfield code="d">1928- .</subfield>
   <subfield code="e">editor.</subfield>
  </datafield>
  <datafield tag="700" ind1="1" ind2=" ">
   <subfield code="a">Bautista, Victoria A.</subfield>
   <subfield code="e">editor.</subfield>
  </datafield>
  <datafield tag="700" ind1="1" ind2=" ">
   <subfield code="a">Tapales, Proserpina Domingo.</subfield>
   <subfield code="e">editor.</subfield>
  </datafield>
  <datafield tag="700" ind1="1" ind2=" ">
   <subfield code="a">Domingo, Ma. Oliva.</subfield>
   <subfield code="e">editor.</subfield>
  </datafield>
  <datafield tag="700" ind1="1" ind2=" ">
   <subfield code="a">NicolA, Eleanor E.</subfield>
   <subfield code="e">editor.</subfield>
  </datafield>
  <datafield tag="905" ind1=" " ind2=" ">
   <subfield code="a">FI</subfield>
  </datafield>
  <datafield tag="852" ind1="0" ind2=" ">
   <subfield code="a">UPBAG</subfield>
   <subfield code="b">UPBAG-MAIN</subfield>
   <subfield code="h">DS 687.532</subfield>
   <subfield code="i">M33 2004</subfield>
  </datafield>
  <datafield tag="942" ind1=" " ind2=" ">
   <subfield code="a">Book</subfield>
  </datafield>
 </record>
</collection>
